000 00647nam a2200181 a 4500
001 000013288
005 20200929163204.0
008 091123s1994 dr 001 0 spa d
040 _aDO-SdBNP
082 _axxxx
_bH519d
100 1 _aHenríquez Ureña, Camila
_923480
245 1 0 _aDiarios de viaje /
_cCamila Henríquez Ureña; presentación Zaida Capote Cruz.
260 _aSanto Domingo :
_bInstituto de literatura y Lingüística
_bSecretaría de Estado de Educación , Bellas Artes y Cultos,
_c1994.
300 _a113 p. ;
_c21 cm.
500 _aIncluye notas al pie de las páginas
700 1 _aCapote Cruz, Zaida
_930483
049 _aBNPD
999 _c12918
_d12918